| 000 | 01046nam a2200253 i 4500 | ||
|---|---|---|---|
| 001 | 167666 | ||
| 003 | ES-MaACL | ||
| 005 | 20250724063437.0 | ||
| 008 | 931025s1786 sp |||| | spa d | ||
| 040 |
_aCAM _bspa _cPAB |
||
| 100 | 1 |
_aVinnius, Arnoldus, _d1588-1657 _9115335 |
|
| 245 | 1 | 0 |
_aArnoldi Vinnii I.C. in quatuor libros institutionum imperialium commentarius academicus et forensis ... _b: ... tomus primus [- secundus]. |
| 250 | _aEditio nova in usum hispanae iuventutis adornata. | ||
| 260 |
_aValentiae : _bapud Benedictum Monfort Typogr., _c1786. |
||
| 300 |
_a2 v. ([12], 612 p. ; [4], 496 p.) ; _c4º. |
||
| 596 | _aMarca tip. en port. | ||
| 597 | _aSign.: [ ]6, A-Z4, 2A-2Z4, 3A-3Z4, 4A-4G4, AH² ; [ ]², A-Z4, 2A-2Z4, 3A-3Q4. | ||
| 597 | _aAntep. | ||
| 599 | _aLa h. de grab., árbol genealógico. | ||
| 630 | 0 | 7 |
_aCorpus juris civilis. _pInstitutiones _2 _9135271 |
| 650 | 0 | 7 |
_aDerecho romano _2embne _911764 |
| 852 |
_aES-MaACL _jR-185-86 _z-- Enc. perg. _x-- Olim: C-2397-98 |
||
| 999 |
_c167666 _d167666 |
||